| 000 | 00621cam a22001815a 4500 | ||
|---|---|---|---|
| 001 | ##J100638 | ||
| 008 | 000000s1895 000 0 eng u | ||
| 035 | _a(Sirsi) u100638 | ||
| 041 | 0 | _aeng | |
| 050 | 0 | 4 | _a333.0062 $2 18 |
| 110 | 2 |
_aSurveyors' Institution _93783 |
|
| 245 | 0 | 0 |
_aCharter and by-laws of the Surveyors' Institution _bfounded June 16th 1868, incorporated by Royal Charter August 26th 1881 |
| 260 |
_aLondon _bSurveyors' Institution _c1895 |
||
| 300 |
_a47p. _c22cm. |
||
| 651 | 4 |
_aGreat Britain _y1707- |
|
| 690 | _aABOUT RICS-RICS STRUCTURE AND GOVERNANCE-RICS ROYAL CHARTER AND BYE-LAWS | ||
| 942 | _n0 | ||
| 999 |
_c99728 _d99728 |
||